| 000 | 00810nac a22002537a 4500 | ||
|---|---|---|---|
| 001 | BR6010367 | ||
| 003 | BR-BrBNA | ||
| 005 | 20240105113228.0 | ||
| 008 | 230509b bl.|||m| |||| 00| 0 por d | ||
| 040 |
_aBR-BrBNA _bpor _cBiblioteca Nacional de Agricultura |
||
| 072 | _aF70 | ||
| 090 | _aF70 BR6010367 | ||
| 100 | 1 | _aAngely, J. | |
| 110 | 1 |
_aInstituto Paranaense de Botanica, Curitiba (Brasil) _96557 |
|
| 245 | 1 | _aLivros dos generos botanicos brasileiros. Flora brasileira | |
| 260 | 3 |
_aCuritiba, PR (Brasil): _bEd. Phyton, _c1960. |
|
| 300 | _a58 p. | ||
| 490 |
_aColecao Saint-hilaire - Instituto Paranaense de Botanica (Brazil) _v _x |
||
| 500 | _aNumerical data | ||
| 650 | _aTaxonomia vegetal | ||
| 650 | _aFlora | ||
| 909 |
_a202312 _bLúcia Elande _c55 _dLúcia Elande |
||
| 942 |
_2AGRIS _n0 _cMS |
||
| 999 |
_c262587 _d262587 |
||